000 00536ntaaa2200193 4500
003 01
005 20251027201912.0
008 0714s1973 ag 01
040 _aAR-BaBN
_bspa
_cAR-BaBN
_eaacr
_dRIC
082 _a244.1000 R95
100 _aRyan, Roberta
245 _aWho? Me?
250 _a1 ed.
260 _aNashville :
_bConvention Press,
_cc1960
300 _a62 p.
500 _arelato misionero de un niño chileno; la biblioteca posee la obra en castellano, "¿Quién? Yo?"
650 _aMisiones-Chile
_917587
942 _cBK
999 _c13750
_d13750